000 01066nam a22002537a 4500
999 _c65798
_d65798
005 20240530110843.0
008 200912s2019 ua a f b 000 0dara d
017 _a3507
_bمصر. دار الكتب
020 _a9789773145323
040 _aEG-CaGPL
_cEG-CaGPL
082 0 4 _221
_a929.5\
_bض ش
100 0 _aضياء قللى العنقاوى
245 1 0 _aشواهد قبور ذرية الرسول (ص) فى بلاد الحرمين الشريفين /
_cضياء قللى العنقاوى
_nالجزء الاول .
_pمنطقة مكة المكرمة
250 _aط.1
260 _aالقاهرة :
_bمكتبة زهراء الشرق ،
_c2019
300 _a325 ص. ؛
_c24 سم.
504 _aيشتمل على ارجاعات ببليوجرافية
650 0 7 _aشواهد القبور
_2qrmak
650 0 7 _aشواهد القبور
_zمكة المكرمة
650 0 7 _aشواهد قبور ذرية الرسول
651 0 7 _2qrmak
_aالسعودية
_xوصف ورحلات
942 _2ddc
_cBK